Interpreting crimes in the Rome Statute of the International Criminal Court / (Record no. 3798)

MARC details
000 -LEADER
fixed length control field 02029cam a2200349Mi 4500
001 - CONTROL NUMBER
control field ocn900423692
003 - CONTROL NUMBER IDENTIFIER
control field OCoLC
005 - DATE AND TIME OF LATEST TRANSACTION
control field 20200107122105.0
008 - FIXED-LENGTH DATA ELEMENTS--GENERAL INFORMATION
fixed length control field 150119s2014 xxka f b 001 0 eng d
020 ## - INTERNATIONAL STANDARD BOOK NUMBER
International Standard Book Number 9781107067721
Qualifying information Hard back
020 ## - INTERNATIONAL STANDARD BOOK NUMBER
International Standard Book Number 1107067723
020 ## - INTERNATIONAL STANDARD BOOK NUMBER
International Standard Book Number 9781107688773
Qualifying information Paperback
029 0# - (OCLC)
OCLC library identifier ZWZ
System control number 183132750
035 ## - SYSTEM CONTROL NUMBER
System control number (OCoLC)900423692
040 ## - CATALOGING SOURCE
Original cataloging agency ZWZ
Language of cataloging fre
Description conventions ncafnor
Transcribing agency TZ-ArACH
049 ## - LOCAL HOLDINGS (OCLC)
Holding library TZAA
050 #4 - LIBRARY OF CONGRESS CALL NUMBER
Classification number KZ7070
Item number .G76
100 1# - MAIN ENTRY--PERSONAL NAME
Personal name Grover, Leena.
Relator code aut
245 10 - TITLE STATEMENT
Title Interpreting crimes in the Rome Statute of the International Criminal Court /
Statement of responsibility, etc Leena Grover.
260 ## - PUBLICATION, DISTRIBUTION, ETC. (IMPRINT)
Place of publication, distribution, etc Cambridge(GB) ;
-- New York (NY) :
Name of publisher, distributor, etc Cambridge University Press,
Date of publication, distribution, etc 2014.
300 ## - PHYSICAL DESCRIPTION
Extent 1 vol. (459 p.) :
Other physical details couv. ill. en coul. ;
Dimensions 24 cm
504 ## - BIBLIOGRAPHY, ETC. NOTE
Bibliography, etc Bibliogr. p. 421-444. Index.
520 ## - SUMMARY, ETC.
Summary, etc "The Rome Statute of the International Criminal Court defines more than ninety crimes that fall within the Court's jurisdiction: genocide, crimes against humanity, war crimes and aggression. How these crimes are interpreted contributes to findings of individual criminal liability, and moreover impacts upon the perceived legitimacy of the Court. And yet, to date, there is no agreed approach to interpreting these definitions. This book offers practitioners and scholars a guiding principle, arguments and aids necessary for the interpretation of international crimes. Leena Grover surveys the jurisprudence of the ICTY and ICTR before presenting a model of interpretive reasoning that integrates the guidance within the Rome Statute itself with articles 31-33 of the Vienna Convention on the Law of Treaties."
610 17 - SUBJECT ADDED ENTRY--CORPORATE NAME
Corporate name or jurisdiction name as entry element Cour p�enale internationale.
Source of heading or term ram
630 00 - SUBJECT ADDED ENTRY--UNIFORM TITLE
Uniform title Rome Statute of the International Criminal Court.
630 77 - SUBJECT ADDED ENTRY--UNIFORM TITLE
Uniform title Rome Statute of the International Criminal Court (1998 July 17)
Source of heading or term fast
650 #0 - SUBJECT ADDED ENTRY--TOPICAL TERM
Topical term or geographic name as entry element International criminal law.
650 #7 - SUBJECT ADDED ENTRY--TOPICAL TERM
Topical term or geographic name as entry element International criminal law.
Source of heading or term fast
650 #7 - SUBJECT ADDED ENTRY--TOPICAL TERM
Topical term or geographic name as entry element Droit international p�enal.
Source of heading or term ram
886 2# - FOREIGN MARC INFORMATION FIELD
2 unimarc
a 181
-- i#
b xxxe##
942 ## - ADDED ENTRY ELEMENTS (KOHA)
Source of classification or shelving scheme Library of Congress Classification
Koha item type Books
Holdings
Home library Current library Date acquired Full call number Barcode Koha item type Public note Cost, replacement price
African Court on Human and Peoples' Rights Library African Court on Human and Peoples' Rights Library 06/12/2017 KZ7070 .G76 10222995 Books    
African Court on Human and Peoples' Rights Library African Court on Human and Peoples' Rights Library 06/06/2018 KZ7070 .G76 1021996X Books    
African Court on Human and Peoples' Rights Library African Court on Human and Peoples' Rights Library 23/07/2018 KZ7070 .G76 10216405 Books Extra copy  
African Court on Human and Peoples' Rights Library African Court on Human and Peoples' Rights Library 23/07/2018 KZ7070 .G76 10216170 Books Extra copy 32.00
African Court on Human and Peoples' Rights Library African Court on Human and Peoples' Rights Library 07/01/2020 KZ7070 .G76 10211098 Books    
African Court on Human and Peoples' Rights Library African Court on Human and Peoples' Rights Library 07/01/2020 KZ7070 .G76 10211055 Books    

African Court on Human and Peoples' Rights | For Inquiries Contact » +255 272 510 510